<?xml version="1.0" encoding="UTF-8"?>
<record
    xmlns:xsi="http://www.w3.org/2001/XMLSchema-instance"
    xsi:schemaLocation="http://www.loc.gov/MARC21/slim http://www.loc.gov/standards/marcxml/schema/MARC21slim.xsd"
    xmlns="http://www.loc.gov/MARC21/slim">

  <leader>00943nam0a22002531  4500</leader>
  <controlfield tag="001">rc\990759</controlfield>
  <controlfield tag="005">20250622070715.0</controlfield>
  <datafield tag="035" ind1=" " ind2=" ">
    <subfield code="a">(NLR Aleph) 006158003</subfield>
  </datafield>
  <datafield tag="090" ind1=" " ind2=" ">
    <subfield code="a">5832655</subfield>
    <subfield code="c">5832655</subfield>
  </datafield>
  <datafield tag="100" ind1=" " ind2=" ">
    <subfield code="a">20041129d1981    |||y0rusy50      ca</subfield>
  </datafield>
  <datafield tag="101" ind1="0" ind2=" ">
    <subfield code="a">rus</subfield>
  </datafield>
  <datafield tag="102" ind1=" " ind2=" ">
    <subfield code="a">RU</subfield>
  </datafield>
  <datafield tag="105" ind1=" " ind2=" ">
    <subfield code="a">y   |||||||||</subfield>
  </datafield>
  <datafield tag="200" ind1="1" ind2=" ">
    <subfield code="a">&#x423;&#x434;&#x43E;&#x431;&#x440;&#x435;&#x43D;&#x438;&#x435; &#x441;&#x435;&#x43B;&#x44C;&#x441;&#x43A;&#x43E;&#x445;&#x43E;&#x437;&#x44F;&#x439;&#x441;&#x442;&#x432;&#x435;&#x43D;&#x43D;&#x44B;&#x445; &#x43A;&#x443;&#x43B;&#x44C;&#x442;&#x443;&#x440; &#x432; &#x422;&#x430;&#x434;&#x436;&#x438;&#x43A;&#x438;&#x441;&#x442;&#x430;&#x43D;&#x435;</subfield>
    <subfield code="f">&#x425;.&#x414;. &#x414;&#x436;&#x443;&#x43C;&#x430;&#x43D;&#x43A;&#x443;&#x43B;&#x43E;&#x432;, &#x423;.&#x420;. &#x420;&#x430;&#x445;&#x43C;&#x430;&#x442;&#x434;&#x436;&#x430;&#x43D;&#x43E;&#x432;, &#x411;.&#x410;. &#x421;&#x443;&#x448;&#x435;&#x43D;&#x438;&#x446;&#x430;</subfield>
  </datafield>
  <datafield tag="210" ind1=" " ind2=" ">
    <subfield code="a">&#x414;&#x443;&#x448;&#x430;&#x43D;&#x431;&#x435;</subfield>
    <subfield code="c">&#x418;&#x440;&#x444;&#x43E;&#x43D;</subfield>
    <subfield code="d">1981</subfield>
  </datafield>
  <datafield tag="215" ind1=" " ind2=" ">
    <subfield code="a">176 &#x441;.</subfield>
    <subfield code="d">20</subfield>
  </datafield>
  <datafield tag="700" ind1=" " ind2="1">
    <subfield code="a">&#x414;&#x436;&#x443;&#x43C;&#x430;&#x43D;&#x43A;&#x443;&#x43B;&#x43E;&#x432;</subfield>
    <subfield code="b">&#x425;.&#x414;.</subfield>
    <subfield code="g">&#x425;&#x430;&#x439;&#x434;&#x430;&#x440; &#x414;&#x436;&#x443;&#x43C;&#x430;&#x43D;&#x43A;&#x443;&#x43B;&#x43E;&#x432;&#x438;&#x447;</subfield>
  </datafield>
  <datafield tag="701" ind1=" " ind2="1">
    <subfield code="a">&#x420;&#x430;&#x445;&#x43C;&#x430;&#x442;&#x434;&#x436;&#x430;&#x43D;&#x43E;&#x432;</subfield>
    <subfield code="b">&#x423;.&#x420;.</subfield>
    <subfield code="g">&#x423;&#x43C;&#x430;&#x440; &#x420;&#x430;&#x445;&#x43C;&#x430;&#x442;&#x434;&#x436;&#x430;&#x43D;&#x43E;&#x432;&#x438;&#x447;</subfield>
  </datafield>
  <datafield tag="701" ind1=" " ind2="1">
    <subfield code="a">&#x421;&#x443;&#x448;&#x435;&#x43D;&#x438;&#x446;&#x430;</subfield>
    <subfield code="b">&#x411;.&#x410;.</subfield>
    <subfield code="g">&#x411;&#x43E;&#x440;&#x438;&#x441; &#x410;&#x43B;&#x435;&#x43A;&#x441;&#x435;&#x435;&#x432;&#x438;&#x447;</subfield>
  </datafield>
  <datafield tag="801" ind1=" " ind2="0">
    <subfield code="a">RU</subfield>
    <subfield code="b">NLR</subfield>
    <subfield code="g">psbo</subfield>
  </datafield>
  <datafield tag="801" ind1=" " ind2="1">
    <subfield code="a">RU</subfield>
    <subfield code="b">ELAR</subfield>
    <subfield code="2">rusmarc</subfield>
  </datafield>
  <datafield tag="852" ind1=" " ind2=" ">
    <subfield code="a">NLR</subfield>
    <subfield code="j">81-3/9342</subfield>
  </datafield>
  <datafield tag="942" ind1=" " ind2=" ">
    <subfield code="c">BOOK</subfield>
  </datafield>
  <datafield tag="980" ind1=" " ind2=" ">
    <subfield code="a">NB</subfield>
  </datafield>
  <datafield tag="995" ind1=" " ind2=" ">
    <subfield code="5">2013-10-26</subfield>
    <subfield code="b">NLR01</subfield>
    <subfield code="c">NLR01</subfield>
    <subfield code="e">RF9</subfield>
    <subfield code="f">6158003-10</subfield>
    <subfield code="k">81-3/9342</subfield>
    <subfield code="o">0</subfield>
    <subfield code="r">BOOK</subfield>
    <subfield code="s">8139342_</subfield>
  </datafield>
</record>
